000 00372 a2200169 4500
001 183629
020 _a85-262-4368-3
040 _cMagnum
100 _aHoestland, Joe
240 1 0 _aA carta de Savita
_lpor
245 1 0 _aA carta de Savita
300 _a59
362 0 _a2002
440 1 _aScipione
697 _aLITERATURA INFANTO-JUVENIL ESTRANGEIRA
942 _cBK
999 _c183629
_d183629